000 01352nam a2200361Ia 4500
001 dia_5650
003 CHAP
005 20240216133139.0
007 ta
008 220117s1998 mx a f 001 0 spa d
040 _cCHAP
_amxchpua
090 _aT.C.255
_bV55 SAI
_c1998
245 1 0 _aSistema agroindustrial leche en la Comarca Lagunera /
_ccoordinador Abraham Villegas de Gante ; colaborador José Aguirre Camacho...[et al.]
260 _aMéxico :
_bEl autor,
_c1998
300 _acerca 100 hojas :
_bilustraciones, diagramas
336 _2rdacontent
_atexto
_btxt
337 _2rdamedia
_asin medio
_bn
338 _2rdacarrier
_avolumen
_bnc
502 _aViaje de Estudios
_b(SAI) --
_cUACh. Departamento de Ingeniería Agroindustrial,
_d1998
504 _aBibliografía : hoja 93
650 1 3 _aIndustria láctea
_9143326
_zIndustria
_zCoahuila
650 1 3 _aIndustria láctea
_9143326
_zIndustria
_zDurango
650 1 3 _aMilk industry
_9153066
_zMexico
_zCoahuila
650 1 3 _aMilk industry
_9153067
_zMexico
_zDurango
700 1 _aVillegas de Gante, Abraham Zacarias
_9185141
_ecoordinador
700 1 _aAguirre Camacho, José
_ecolaborador
_92967
901 _aT.C.255 V55 SAI 1998
902 _aM
905 _a5332271998 mx ambn8223123322spa16
942 _2local
942 _cVE
999 _c176575
_d176575